Normal view
MARC view
Entry Topical Term
001 - CONTROL NUMBER
- control field: 109212
003 - CONTROL NUMBER IDENTIFIER
- control field: OSt
005 - DATE AND TIME OF LATEST TRANSACTION
- control field: 20230519052747.0
008 - FIXED-LENGTH DATA ELEMENTS
- fixed length control field: 230519|| aca||aabn | a|a d
040 ## - CATALOGING SOURCE
- Original cataloging agency: OSt
- Transcribing agency: OSt
150 ## - HEADING--TOPICAL TERM
- Topical term or geographic name entry element: Economics
670 ## - SOURCE DATA FOUND
- Source citation: Work cat.: (OSt)172494: MISHRA (L) 109211, Economy and labour, 2001